| 000 | 00878nab a2200289 4500 | ||
|---|---|---|---|
| 003 | BR-BrBNA | ||
| 005 | 20260110233832.0 | ||
| 008 | 260110b bl.||||| |||| 00| 0 por d | ||
| 040 |
_aBR-BrBNA _bpor |
||
| 072 |
_aJ10 ; E13 ; E71 _b4440 |
||
| 100 | _aPontes, Alécia | ||
| 245 |
_aPronto para embarque _bAgroeconomia |
||
| 500 | _a5 illus. | ||
| 650 | _aGRÃO | ||
| 650 | _aESCOAMENTO DA PRODUÇÃO | ||
| 650 | _aLOGÍSTICA | ||
| 650 | _aARMAZÉM | ||
| 650 | _aTRANSPORTE | ||
| 650 | _aPORTO FLUVIAL | ||
| 650 | _aPORTO MARÍTIMO | ||
| 650 | _aEMBARQUE | ||
| 650 | _aEXPORTAÇÃO | ||
| 650 | _aINVESTIMENTO | ||
| 773 | 0 |
_01706 _9348135 _dSão Paulo-SP Editora Três Ltda - E-mail: luizfsa@revistadinheiro.com.br 2004 _o2025-0626 _tDinheiro Rural (Brazil) _x1807-3700 _gv. 9(113) p. 36-38; (Apr 2014) _wBR2025005924 |
|
| 942 | _cANA | ||
| 999 |
_c339787 _d339787 |
||